[Event "Montcalm III 2010-11"]
[Site "Quebec CAN"]
[Date "2010.11.25"]
[Round "2"]
[White "Bleau, John"]
[Black "Plante, Rejean"]
[Result "0-1"]
[WhiteElo "1828"]
[BlackElo "1999"]
[PlyCount "47"]
[EventDate "2010.11.18"]
[EventType "tourn"]
[EventRounds "5"]
[EventCountry "CAN"]

1. d4 d5 2. Nf3 Nf6 3. e3 c5 4. b3 Nc6 5. Bd3 Bg4 6. Bb2 cxd4 7. exd4 e6 8. O-O
Bd6 9. Nbd2 O-O 10. Re1 Rc8 11. c4 Re8 12. Rc1 Bf4 13. Be2 Ne4 14. Ra1 Bf5 15.
Nf1 dxc4 16. Bxc4 Nb4 17. Ne3 Bg6 18. a3 Nd5 19. Rc1 Bh5 20. Bxd5 Rxc1 21. Bxc1
Nc3 22. Qd3 Nxd5 23. Nxd5 Bxc1 24. Nc7 0-1

[Event "Montcalm III 2010-11"]
[Site "Quebec CAN"]
[Date "2010.11.25"]
[Round "2"]
[White "Gaulin, Gaetan"]
[Black "Cummins, Paul"]
[Result "0-1"]
[WhiteElo "1970"]
[BlackElo "1811"]
[PlyCount "90"]
[EventDate "2010.11.18"]
[EventType "tourn"]
[EventRounds "5"]
[EventCountry "CAN"]

1. Nf3 d5 2. c4 e6 3. g3 c6 4. Bg2 Nd7 5. O-O Ngf6 6. d4 Bd6 7. Nc3 O-O 8. Qb3
b6 9. Rd1 Ba6 10. cxd5 exd5 11. Qa4 Bb7 12. Be3 Re8 13. Rac1 b5 14. Qc2 Nb6 15.
b3 h6 16. h3 b4 17. Nb1 Ne4 18. g4 Nd7 19. Nbd2 Nc3 20. Re1 Ba6 21. Nb1 Nxb1
22. Qxb1 Bb5 23. g5 g6 24. h4 h5 25. Bh3 Kg7 26. Rc2 Re4 27. Qc1 Qc7 28. Qb2
Rae8 29. Qc1 Nf8 30. Kf1 Ne6 31. Qb2 Nf4 32. Bxf4 Rxf4 33. Kg2 Qe7 34. Rec1 Qe4
35. Kg1 Rxf3 36. Bg2 Rg3 37. fxg3 Qe3+ 38. Kh1 Qxg3 39. Kg1 Bf4 40. e3 Qh2+ 41.
Kf2 Qxh4+ 42. Kg1 Bxe3+ 43. Rf2 Qg3 44. Rcf1 Re4 45. Kh1 Rh4+ 0-1

[Event "Montcalm III 2010-11"]
[Site "Quebec CAN"]
[Date "2010.11.25"]
[Round "2"]
[White "Lapierre, Gaetan"]
[Black "Caire, Francois"]
[Result "0-1"]
[WhiteElo "1906"]
[BlackElo "2247"]
[PlyCount "56"]
[EventDate "2010.11.18"]
[EventType "tourn"]
[EventRounds "5"]
[EventCountry "CAN"]

1. e4 d5 2. exd5 Nf6 3. Nc3 Nxd5 4. Nxd5 Qxd5 5. Nf3 Nc6 6. Be2 e5 7. d3 Bg4 8.
O-O O-O-O 9. Re1 f6 10. a3 h5 11. b4 g5 12. Bb2 Bf5 13. c4 Qd7 14. b5 Nd4 15.
Nxd4 exd4 16. Qb3 h4 17. a4 g4 18. a5 g3 19. c5 Bxc5 20. Rec1 gxh2+ 21. Kh1 Be6
22. Qc2 Bd5 23. Qxc5 h3 24. f3 hxg2+ 25. Kxg2 Qh3+ 26. Kf2 Qh4+ 27. Kg2 h1=Q+
28. Rxh1 Rdg8+ 0-1

[Event "Montcalm III 2010-11"]
[Site "Quebec CAN"]
[Date "2010.11.25"]
[Round "2"]
[White "Perron, Jonathan"]
[Black "Sauve, Richard"]
[Result "1-0"]
[WhiteElo "2169"]
[BlackElo "1866"]
[PlyCount "33"]
[EventDate "2010.11.18"]
[EventType "tourn"]
[EventRounds "5"]
[EventCountry "CAN"]

1. e4 e6 2. d4 d5 3. Nd2 dxe4 4. Nxe4 Bd7 5. Nf3 Bc6 6. Bd3 Nd7 7. O-O Ngf6 8.
Nxf6+ Nxf6 9. c3 Bxf3 10. Qxf3 c6 11. Re1 Be7 12. Bf4 O-O 13. Be5 Qa5 14. Qh3
h6 15. f4 c5 16. g4 Nh7 17. g5 1-0

[Event "Montcalm III 2010-11"]
[Site "Quebec CAN"]
[Date "2010.12.02"]
[Round "3"]
[White "Bluteau, Yvon"]
[Black "Caron, Sebastien"]
[Result "1-0"]
[WhiteElo "1910"]
[BlackElo "1982"]
[PlyCount "61"]
[EventDate "2010.11.18"]
[EventType "tourn"]
[EventRounds "5"]
[EventCountry "CAN"]

1. d4 Nf6 2. Nf3 e6 3. c4 Bb4+ 4. Nc3 d5 5. a3 Bxc3+ 6. bxc3 O-O 7. e3 b6 8.
Ne5 Ne4 9. Qc2 f6 10. cxd5 Nxf2 11. Ng6 hxg6 12. Kxf2 exd5 13. Qxg6 f5 14. Bd3
Qf6 15. Qg3 c5 16. h4 Nc6 17. Qf4 Nd8 18. Bd2 Ne6 19. Qf3 Bb7 20. g3 Rae8 21.
Rag1 g6 22. Kg2 Re7 23. Rf1 Qg7 24. h5 Ng5 25. Qf4 Ne4 26. Bxe4 fxe4 27. Qg4
Rxf1 28. Rxf1 Kh7 29. hxg6+ Qxg6 30. Qh4+ Kg8 31. Qxe7 1-0

[Event "Montcalm III 2010-11"]
[Site "Quebec CAN"]
[Date "2010.12.02"]
[Round "3"]
[White "Caire, Francois"]
[Black "Marquis, Paul"]
[Result "1-0"]
[WhiteElo "2247"]
[BlackElo "1971"]
[PlyCount "59"]
[EventDate "2010.11.18"]
[EventType "tourn"]
[EventRounds "5"]
[EventCountry "CAN"]

1. d4 d5 2. Nf3 Bg4 3. Ne5 Bf5 4. c4 f6 5. Nf3 c6 6. cxd5 cxd5 7. Qb3 Qd7 8.
Nc3 e6 9. Bf4 Nc6 10. e3 g5 11. Bg3 Bb4 12. a3 Ba5 13. Be2 Nge7 14. Rc1 Rc8 15.
O-O Bxc3 16. Rxc3 Bg6 17. Qa4 h5 18. h4 g4 19. Nd2 O-O 20. Nb3 Nf5 21. Nc5 Qe7
22. Rfc1 Nxg3 23. fxg3 Be8 24. Qd1 b6 25. Nd3 Qd6 26. Nf4 Bf7 27. Ba6 Rc7 28.
b4 e5 29. Ne2 Rfc8 30. Bxc8 1-0

[Event "Montcalm III 2010-11"]
[Site "Quebec CAN"]
[Date "2010.12.02"]
[Round "3"]
[White "Cummins, Paul"]
[Black "Perron, Jonathan"]
[Result "0-1"]
[WhiteElo "1811"]
[BlackElo "2169"]
[PlyCount "84"]
[EventDate "2010.11.18"]
[EventType "tourn"]
[EventRounds "5"]
[EventCountry "CAN"]

1. e4 c5 2. Nf3 e6 3. d4 cxd4 4. Nxd4 Nc6 5. Be3 a6 6. Be2 Nf6 7. Nd2 d5 8.
Nxc6 bxc6 9. e5 Nd7 10. f4 Bc5 11. Bxc5 Nxc5 12. O-O Qb6 13. Kh1 Qxb2 14. Nf3
Rb8 15. Nd4 Bd7 16. Bf3 Qc3 17. Ne2 Qc4 18. Ng3 O-O 19. Be2 Qa4 20. Qe1 Rb2 21.
Nh5 Qxc2 22. Qg3 Qg6 23. Qe1 Nd3 24. Qd1 Nb4 25. Rc1 Nxa2 26. Rc5 Rfb8 27. f5
exf5 28. Bf3 f4 29. Nxf4 Qb1 30. Qd3 Qxd3 31. Nxd3 Rd2 32. Nf4 Rb5 33. Rxb5
axb5 34. Ra1 Bf5 35. Ne2 g5 36. Ng3 Bg6 37. Bd1 Bd3 38. Nh5 b4 39. Nf6+ Kg7 40.
Nd7 Be4 41. Bf3 Bxf3 42. gxf3 b3 0-1

[Event "Montcalm III 2010-11"]
[Site "Quebec CAN"]
[Date "2010.12.02"]
[Round "3"]
[White "Plante, Rejean"]
[Black "Fortier, Bertrand"]
[Result "1-0"]
[WhiteElo "1999"]
[BlackElo "1772"]
[PlyCount "63"]
[EventDate "2010.11.18"]
[EventType "tourn"]
[EventRounds "5"]
[EventCountry "CAN"]

1. e4 e6 2. Nf3 d5 3. Nc3 a6 4. d4 Bb4 5. e5 c5 6. a3 Bxc3+ 7. bxc3 Nc6 8. h4
f6 9. g3 fxe5 10. dxe5 Nge7 11. h5 Qa5 12. Bd2 Qc7 13. Bf4 Bd7 14. c4 O-O-O 15.
cxd5 Nxd5 16. Bg5 Rdf8 17. c4 Nxe5 18. Nd2 Nc3 19. Qc2 Nf3+ 20. Nxf3 Rxf3 21.
Bf4 Rxf4 22. gxf4 Qxf4 23. Rh3 Ne4 24. Re3 Ng5 25. Bg2 e5 26. O-O-O Be6 27. Bd5
Bxd5 28. Rxd5 b6 29. Rdxe5 Rf8 30. Kb1 Qg4 31. Rg3 Qd4 32. Rd5 1-0

[Event "Montcalm III 2010-11"]
[Site "Quebec CAN"]
[Date "2010.12.09"]
[Round "4"]
[White "Bourassa, Andre"]
[Black "Sauve, Richard"]
[Result "0-1"]
[WhiteElo "1787"]
[BlackElo "1866"]
[PlyCount "76"]
[EventDate "2010.11.18"]
[EventType "tourn"]
[EventRounds "5"]
[EventCountry "CAN"]

1. d4 f5 2. Bg5 Nf6 3. e3 e6 4. c4 Be7 5. Nc3 O-O 6. Bd3 d5 7. Qc2 Nc6 8. a3
Ne4 9. Bxe7 Nxe7 10. f3 Nxc3 11. bxc3 dxc4 12. Bxc4 Nd5 13. Qd2 Qd6 14. Ne2 Bd7
15. O-O a6 16. e4 fxe4 17. fxe4 Nb6 18. Bd3 e5 19. Qa2+ Kh8 20. Rad1 Bg4 21. h3
Rxf1+ 22. Kxf1 Rf8+ 23. Kg1 Qf6 24. hxg4 Qf2+ 25. Kh2 Rf6 26. g5 Rf4 27. Nxf4
Qxa2 28. dxe5 Qf2 29. Rf1 Qh4+ 30. Nh3 h6 31. e6 Nc8 32. Rf8+ Kh7 33. g6+ Kxg6
34. e5+ Kh5 35. Bf5 Qe1 36. g4+ Kh4 37. Ng1 Qf2+ 38. Kh1 Kg3 0-1

[Event "Montcalm III 2010-11"]
[Site "Quebec CAN"]
[Date "2010.12.09"]
[Round "4"]
[White "Fortier, Bertrand"]
[Black "Cummins, Paul"]
[Result "0-1"]
[WhiteElo "1772"]
[BlackElo "1811"]
[PlyCount "63"]
[EventDate "2010.11.18"]
[EventType "tourn"]
[EventRounds "5"]
[EventCountry "CAN"]

1. d4 d5 2. Nf3 c6 3. c4 e6 4. Nc3 Nd7 5. e4 dxe4 6. Nxe4 Ngf6 7. Bd3 Nxe4 8.
Bxe4 Nf6 9. Bd3 Bb4+ 10. Bd2 Bd6 11. O-O h6 12. Re1 a5 13. Qc2 Qc7 14. Re2 Bf4
15. Rae1 Bxd2 16. Qxd2 O-O 17. a4 b6 18. Bc2 Ba6 19. Qd3 Rfd8 20. Ne5 Rd6 21.
Ng4 Nxg4 22. Qh7+ Kf8 23. Qh8+ Ke7 24. Qxg7 Bxc4 25. Bg6 Rf8 26. Bxf7 Rxf7 27.
Qxg4 Bxe2 28. Rxe2 Qd7 29. Qh5 Ke8 30. Qxh6 Qe7 31. f4 Qf6 32. Qh3 0-1

[Event "Montcalm III 2010-11"]
[Site "Quebec CAN"]
[Date "2010.12.09"]
[Round "4"]
[White "Lapierre, Gaetan"]
[Black "Kearns, Thomas"]
[Result "1-0"]
[WhiteElo "1906"]
[BlackElo "1632"]
[PlyCount "85"]
[EventDate "2010.11.18"]
[EventType "tourn"]
[EventRounds "5"]
[EventCountry "CAN"]

1. d4 Nf6 2. c4 g6 3. Nc3 Bg7 4. e4 d6 5. Nf3 O-O 6. Be2 c6 7. O-O Nbd7 8. h3
e5 9. dxe5 dxe5 10. Be3 Qe7 11. Qc2 Nh5 12. Rfd1 f5 13. exf5 gxf5 14. Nxe5 Qxe5
15. Bd4 Qf4 16. g3 Qg5 17. h4 Qg6 18. Bxh5 Qxh5 19. Ne2 Ne5 20. Nf4 Qf7 21.
Bxe5 Bxe5 22. Nd3 Bc7 23. f4 Qg6 24. Kh2 Kh8 25. Re1 Be6 26. Qc3+ Kg8 27. Nc5
Rae8 28. Rad1 Bc8 29. Nd7 Rxe1 30. Qxe1 Re8 31. Nf6+ Qxf6 32. Qxe8+ Qf8 33. Re1
Bd8 34. h5 Bf6 35. h6 b6 36. Qxc6 Qxh6+ 37. Kg2 Ba6 38. b3 Qg6 39. Qa8+ Kg7 40.
Qxa7+ Kh6 41. Qxa6 Bd4 42. Qc8 Kh5 43. Rh1+ 1-0

[Event "Montcalm III 2010-11"]
[Site "Quebec CAN"]
[Date "2010.12.09"]
[Round "4"]
[White "Marquis, Paul"]
[Black "Lamontagne, Danny"]
[Result "1-0"]
[WhiteElo "1971"]
[BlackElo "1710"]
[PlyCount "75"]
[EventDate "2010.11.18"]
[EventType "tourn"]
[EventRounds "5"]
[EventCountry "CAN"]

1. e4 c5 2. Nc3 Nc6 3. g3 g6 4. Bg2 Bg7 5. f4 d6 6. Nf3 Nf6 7. O-O O-O 8. d3 e5
9. Be3 Ng4 10. Bd2 Rb8 11. h3 Nf6 12. fxe5 dxe5 13. Bg5 h6 14. Be3 Qe7 15. Qd2
Kh7 16. Qf2 b6 17. g4 Be6 18. Qh4 Kg8 19. Bxh6 Bxh6 20. Qxh6 Nh7 21. h4 Rfe8
22. Ng5 Nxg5 23. hxg5 Qf8 24. Qh4 Qg7 25. Rf6 Rbd8 26. Raf1 Nd4 27. R1f2 Re7
28. Nd5 Bxd5 29. exd5 Red7 30. c3 Nb5 31. Qg3 Nd6 32. Re2 Re7 33. Rxe5 Rxe5 34.
Qxe5 Ne8 35. Qe7 Rc8 36. Rc6 Rb8 37. d6 Nxd6 38. Rxd6 1-0

[Event "Montcalm III 2010-11"]
[Site "Quebec CAN"]
[Date "2010.12.09"]
[Round "4"]
[White "Perron, Jonathan"]
[Black "Caire, Francois"]
[Result "1/2-1/2"]
[WhiteElo "2169"]
[BlackElo "2247"]
[PlyCount "60"]
[EventDate "2010.11.18"]
[EventType "tourn"]
[EventRounds "5"]
[EventCountry "CAN"]

1. e4 c5 2. Nf3 Nc6 3. Bb5 d6 4. O-O Bd7 5. Re1 a6 6. Bf1 Bg4 7. c3 e6 8. h3
Bxf3 9. Qxf3 Nf6 10. d3 Be7 11. Qg3 O-O 12. f4 Kh8 13. Nd2 Rc8 14. Nf3 b5 15.
Bd2 d5 16. Rac1 dxe4 17. dxe4 c4 18. Kh1 Qc7 19. e5 Nd7 20. Be3 Nc5 21. Bxc5
Bxc5 22. Ng5 Ne7 23. Ne4 Nd5 24. Rcd1 Rcd8 25. Nxc5 Qxc5 26. Rd4 Ne7 27. Rxd8
Rxd8 28. Qf3 Nf5 29. Rd1 Ng3+ 30. Kh2 Nxf1+ 1/2-1/2

[Event "Montcalm III 2010-11"]
[Site "Quebec CAN"]
[Date "2010.12.09"]
[Round "4"]
[White "Plante, Rejean"]
[Black "Bluteau, Yvon"]
[Result "1/2-1/2"]
[WhiteElo "1999"]
[BlackElo "1910"]
[PlyCount "77"]
[EventDate "2010.11.18"]
[EventType "tourn"]
[EventRounds "5"]
[EventCountry "CAN"]

1. d4 Nf6 2. c4 e6 3. g3 c5 4. d5 exd5 5. cxd5 b5 6. Bg2 d6 7. e4 Nbd7 8. Ne2
Be7 9. O-O Nb6 10. h3 Bb7 11. g4 O-O 12. Ng3 Re8 13. g5 Nfxd5 14. exd5 Bxg5 15.
f4 Bf6 16. Kh2 Nc4 17. Nc3 Bd4 18. Nxb5 Ne3 19. Bxe3 Bxe3 20. Nxd6 Qxd6 21. Qf3
Qf6 22. Rae1 Bd4 23. Ne4 Qd8 24. Nc3 Qd6 25. Nb5 Qb6 26. Nxd4 cxd4 27. b3 Qa5
28. Qf2 Bxd5 29. Rxe8+ Rxe8 30. Qxd4 Bxg2 31. Kxg2 Qxa2+ 32. Rf2 Qxb3 33. Qxa7
Qd5+ 34. Kh2 h6 35. Qa2 Qd3 36. Qd2 Qb1 37. Qc2 Qxc2 38. Rxc2 g5 39. Rg2
1/2-1/2

[Event "Montcalm III 2010-11"]
[Site "Quebec CAN"]
[Date "2010.12.16"]
[Round "5"]
[White "Bourassa, Andre"]
[Black "Gaulin, Gaetan"]
[Result "1/2-1/2"]
[WhiteElo "1787"]
[BlackElo "1970"]
[PlyCount "71"]
[EventDate "2010.11.18"]
[EventType "tourn"]
[EventRounds "5"]
[EventCountry "CAN"]

1. d4 Nf6 2. c4 e6 3. Nc3 Bb4 4. Bg5 h6 5. Bxf6 Qxf6 6. e4 c5 7. e5 Qg6 8. Rc1
cxd4 9. Qxd4 Nc6 10. Qe3 f5 11. f4 O-O 12. a3 Bxc3+ 13. Rxc3 d6 14. Nf3 dxe5
15. Nxe5 Nxe5 16. Qxe5 Bd7 17. Rg3 Qf6 18. Qxf6 Rxf6 19. Rd3 Bc6 20. h4 Re8 21.
Rd6 e5 22. Rxf6 gxf6 23. fxe5 fxe5 24. Rh3 Kf7 25. Rd3 Kf6 26. Rd6+ Re6 27.
Rxe6+ Kxe6 28. g3 a5 29. b3 e4 30. Kd2 Ke5 31. Ke3 b6 32. Be2 Be8 33. Bd1 Bf7
34. Be2 Be6 35. Bf1 Bf7 36. Be2 1/2-1/2

[Event "Montcalm III 2010-11"]
[Site "Quebec CAN"]
[Date "2010.12.16"]
[Round "5"]
[White "Caire, Francois"]
[Black "Plante, Rejean"]
[Result "1-0"]
[WhiteElo "2247"]
[BlackElo "1999"]
[PlyCount "41"]
[EventDate "2010.11.18"]
[EventType "tourn"]
[EventRounds "5"]
[EventCountry "CAN"]

1. d4 Nf6 2. c4 e6 3. Nc3 Bb4 4. a3 Bxc3+ 5. bxc3 c5 6. f3 d5 7. cxd5 exd5 8.
e3 Nc6 9. Bd3 O-O 10. Ne2 Re8 11. O-O c4 12. Bc2 b5 13. Ng3 a5 14. e4 Ra7 15.
e5 Nd7 16. Nf5 Ba6 17. f4 Nf8 18. Qg4 Ng6 19. Nd6 Bc8 20. Qg3 Rf8 21. f5 1-0

[Event "Montcalm III 2010-11"]
[Site "Quebec CAN"]
[Date "2010.12.16"]
[Round "5"]
[White "Cummins, Paul"]
[Black "Caron, Sebastien"]
[Result "1/2-1/2"]
[WhiteElo "1811"]
[BlackElo "1982"]
[PlyCount "88"]
[EventDate "2010.11.18"]
[EventType "tourn"]
[EventRounds "5"]
[EventCountry "CAN"]

1. d4 f5 2. Nf3 Nf6 3. c4 g6 4. Nc3 Bg7 5. h3 d6 6. Bf4 O-O 7. e3 Qe8 8. d5 Na6
9. Be2 h6 10. O-O g5 11. Bh2 Bd7 12. Nd4 c5 13. Ndb5 Qg6 14. Rc1 Kh8 15. Kh1 h5
16. Qe1 Bh6 17. Bd3 Nb4 18. Bb1 Qg7 19. Nc7 Rac8 20. Ne6 Bxe6 21. dxe6 Ne8 22.
a3 Nc6 23. Qe2 h4 24. Rcd1 Qf6 25. f4 Ng7 26. fxg5 Qxg5 27. Bf4 Nh5 28. Kg1
Nxf4 29. exf4 Qg6 30. Qf2 Qh5 31. Nb5 Bg7 32. Kh1 Bd4 33. Qd2 Rg8 34. Rde1 Rg3
35. Bc2 Rcg8 36. Bd1 Qh6 37. Bf3 R8g7 38. Re2 R3g6 39. Nc7 Nd8 40. Bd5 Rg3 41.
Nb5 Qf6 42. Nc7 Rg8 43. Nb5 R8g7 44. Nxd4 Qxd4 1/2-1/2

[Event "Montcalm III 2010-11"]
[Site "Quebec CAN"]
[Date "2010.12.16"]
[Round "5"]
[White "Marquis, Paul"]
[Black "Perron, Jonathan"]
[Result "1-0"]
[WhiteElo "1971"]
[BlackElo "2169"]
[PlyCount "95"]
[EventDate "2010.11.18"]
[EventType "tourn"]
[EventRounds "5"]
[EventCountry "CAN"]

1. e4 c5 2. Nf3 e6 3. d4 cxd4 4. Nxd4 Nc6 5. Nb5 d6 6. c4 a6 7. N5a3 Nf6 8. Nc3
Be7 9. Be2 O-O 10. O-O b6 11. Be3 Bb7 12. f3 Re8 13. Qd2 Rc8 14. Rfd1 Nd7 15.
Rac1 Nb4 16. Nc2 Nxc2 17. Rxc2 Qc7 18. Bf4 Ne5 19. b3 Red8 20. Qe1 Bf6 21. Rdc1
Nc6 22. Nd5 Bd4+ 23. Kh1 Qd7 24. Nb4 Be5 25. Nxc6 Qxc6 26. Be3 d5 27. exd5 exd5
28. f4 Bf6 29. Bf3 Qd6 30. cxd5 Rxc2 31. Rxc2 b5 32. Qc1 g6 33. Bc5 Qd7 34. Bb6
Rc8 35. Rxc8+ Qxc8 36. Qxc8+ Bxc8 37. a4 Bd7 38. a5 Be7 39. Kg1 Bd6 40. g3 h5
41. Kf2 h4 42. Ke3 hxg3 43. hxg3 g5 44. fxg5 Bxg3 45. Bc5 Bh2 46. b4 Bc8 47. d6
Bg3 48. Bc6 1-0

[Event "Montcalm III 2010-11"]
[Site "Quebec CAN"]
[Date "2010.12.16"]
[Round "5"]
[White "Sauve, Richard"]
[Black "Bluteau, Yvon"]
[Result "1-0"]
[WhiteElo "1866"]
[BlackElo "1910"]
[PlyCount "109"]
[EventDate "2010.11.18"]
[EventType "tourn"]
[EventRounds "5"]
[EventCountry "CAN"]

1. d4 Nf6 2. c4 e6 3. Nc3 Bb4 4. Qc2 O-O 5. Bg5 d5 6. a3 Be7 7. Nf3 c6 8. e4
dxe4 9. Nxe4 Nxe4 10. Bxe7 Qxe7 11. Qxe4 Nd7 12. Bd3 Nf6 13. Qh4 Re8 14. O-O g6
15. Rfe1 Nh5 16. Qe4 Bd7 17. Rad1 Rad8 18. Bb1 Qf6 19. Ne5 Qf4 20. Qd3 Qg5 21.
Re4 c5 22. Qf3 f5 23. Ree1 cxd4 24. Rxd4 Bc8 25. h4 Qf6 26. Rxd8 Rxd8 27. g3
Rd4 28. Qc3 Rd8 29. Ba2 Ng7 30. c5 Rf8 31. f4 h6 32. Rd1 g5 33. hxg5 hxg5 34.
Qf3 Qe7 35. b4 Qf6 36. Kg2 g4 37. Qd3 Nh5 38. b5 Kg7 39. c6 bxc6 40. bxc6 Qh6
41. Qc3 Kg8 42. Rb1 Nxf4+ 43. gxf4 Qxf4 44. Rb4 Qg5 45. Rb8 Kh7 46. Bxe6 Rd8
47. Bd7 Qf4 48. Qe1 Qg5 49. Rxc8 Rxc8 50. Bxc8 Kg7 51. Qc3 Qf6 52. Qc5 Kh6 53.
c7 Kh5 54. Nd3 Kg5 55. Qxf5+ 1-0

[Event "Montcalm IV 2009-10"]
[Site "Quebec CAN"]
[Date "2010.01.14"]
[Round "1"]
[White "Arteau, Benoit"]
[Black "Perron, Jonathan"]
[Result "0-1"]
[WhiteElo "1837"]
[BlackElo "1971"]
[PlyCount "62"]
[EventDate "2010.01.14"]
[EventType "tourn"]
[EventRounds "5"]
[EventCountry "CAN"]

1. d4 Nf6 2. c4 e6 3. Nc3 Bb4 4. Nf3 b6 5. e3 Bb7 6. Bd2 O-O 7. Bd3 Bxc3 8.
Bxc3 Ne4 9. Bb4 d6 10. Qc2 f5 11. c5 Na6 12. Bxa6 Bxa6 13. O-O-O Qe8 14. Ne1
Qb5 15. Nd3 Qc4 16. Qxc4 Bxc4 17. f3 Bxd3 18. fxe4 Bxe4 19. cxd6 cxd6 20. Rd2
Rfc8+ 21. Kd1 Rc6 22. h4 a5 23. Bc3 b5 24. d5 Bxd5 25. Ke2 Bc4+ 26. Rd3 b4 27.
Bd2 e5 28. Rc1 Bxd3+ 29. Kxd3 Rxc1 30. Bxc1 Rc8 31. Bd2 d5 0-1

[Event "Montcalm IV 2009-10"]
[Site "Quebec CAN"]
[Date "2010.01.14"]
[Round "1"]
[White "Bergeron, Marc"]
[Black "Lessard, Claude"]
[Result "1/2-1/2"]
[WhiteElo "1985"]
[BlackElo "2088"]
[PlyCount "76"]
[EventDate "2010.01.14"]
[EventType "tourn"]
[EventRounds "5"]
[EventCountry "CAN"]

1. e4 g6 2. d4 Bg7 3. Nf3 c5 4. c3 cxd4 5. cxd4 d6 6. h3 Nf6 7. Nc3 O-O 8. Bd3
Nc6 9. Be3 e5 10. d5 Ne7 11. g4 a6 12. a4 Bd7 13. Qd2 Rc8 14. g5 Nh5 15. Ne2 b5
16. a5 f5 17. gxf6 Rxf6 18. Ng5 Kh8 19. f4 exf4 20. Bd4 Qf8 21. Rc1 f3 22. Rxc8
Bxc8 23. Bxf6 f2+ 24. Kf1 Qxf6 25. e5 Qf8 26. Rh2 Bxe5 27. Rxf2 Nf5 28. Ne6
Bxe6 29. dxe6 Qf6 30. Bxf5 gxf5 31. Qd5 f4 32. Qa8+ Kg7 33. Qe8 f3 34. Qxh5
fxe2+ 35. Kxe2 Qxe6 36. Qg5+ Qg6 37. Qe7+ Kh6 38. Qh4+ Kg7 1/2-1/2

[Event "Montcalm IV 2009-10"]
[Site "Quebec CAN"]
[Date "2010.01.14"]
[Round "1"]
[White "Caron, Sebastien"]
[Black "Marquis, Paul"]
[Result "0-1"]
[WhiteElo "1943"]
[BlackElo "1889"]
[PlyCount "72"]
[EventDate "2010.01.14"]
[EventType "tourn"]
[EventRounds "5"]
[EventCountry "CAN"]

1. e4 d6 2. d4 Nf6 3. Nc3 g6 4. Nf3 Bg7 5. Be2 O-O 6. O-O c6 7. h3 b5 8. e5 Ne8
9. Ne4 Nd7 10. d5 cxd5 11. Qxd5 Nc7 12. Qb3 Nxe5 13. Nd4 Bd7 14. Be3 a5 15.
Nxb5 a4 16. Qb4 Nxb5 17. Bxb5 Rb8 18. Nc3 Bxb5 19. Nxb5 Qd7 20. c4 Nxc4 21.
Qxc4 Qxb5 22. Qc7 Rb7 23. Qc2 Bxb2 24. Rab1 a3 25. Bh6 Rfb8 26. Rfc1 Qd7 27.
Re1 Rc7 28. Qe4 Rbc8 29. Qh4 Bf6 30. Qb4 Bb2 31. Re4 d5 32. Re2 Qf5 33. Rf1 Qh5
34. Bf4 e5 35. g4 Qxh3 36. Bg3 Bd4 0-1

[Event "Montcalm IV 2009-10"]
[Site "Quebec CAN"]
[Date "2010.01.14"]
[Round "1"]
[White "Cournoyer, Dominic"]
[Black "Gras, Guillaume"]
[Result "0-1"]
[WhiteElo "1943"]
[BlackElo "2071"]
[PlyCount "84"]
[EventDate "2010.01.14"]
[EventType "tourn"]
[EventRounds "5"]
[EventCountry "CAN"]

1. c4 f5 2. Nc3 Nf6 3. g3 d6 4. Bg2 g6 5. Nf3 Bg7 6. O-O e5 7. d4 e4 8. Ng5 h6
9. Nh3 g5 10. f3 exf3 11. exf3 O-O 12. f4 g4 13. Nf2 h5 14. b3 h4 15. Bb2 Nh5
16. Qd3 Nc6 17. Nd5 a5 18. a3 Ne7 19. Rfe1 Ng6 20. Rab1 c6 21. Nc3 Ngxf4 22.
gxf4 Nxf4 23. Qd1 g3 24. Nh3 Nxg2 25. Kxg2 f4 26. Qf3 Qd7 27. Ng5 h3+ 28. Kf1
g2+ 29. Ke2 Qe7+ 30. Nge4 Qh4 31. Kd2 Bxd4 32. Ne2 Be3+ 33. Kd1 Bg4 34. Nf6+
Rxf6 35. Bxf6 Bxf3 36. Bxh4 g1=Q 37. Rxg1+ Bxg1 38. Ke1 Re8 39. Kf1 Be3 40. Rd1
Bc5 41. Rd2 Bg2+ 42. Ke1 f3 0-1

[Event "Montcalm IV 2009-10"]
[Site "Quebec CAN"]
[Date "2010.01.14"]
[Round "1"]
[White "Dube, Daniel"]
[Black "Bourassa, Andre"]
[Result "1/2-1/2"]
[WhiteElo "1806"]
[BlackElo "1768"]
[PlyCount "134"]
[EventDate "2010.01.14"]
[EventType "tourn"]
[EventRounds "5"]
[EventCountry "CAN"]

1. c4 e6 2. g3 d5 3. Bg2 c6 4. Nf3 Nf6 5. O-O Nbd7 6. cxd5 exd5 7. d4 Ne4 8.
Nc3 f5 9. Nd2 Nd6 10. e3 Be7 11. b3 Nf6 12. Bb2 O-O 13. Rc1 Be6 14. Na4 Rc8 15.
Nc5 Bf7 16. b4 b6 17. Nd3 Nd7 18. Qa4 b5 19. Qc2 Nc4 20. Nb3 Bg5 21. Rfe1 Re8
22. Nf4 Be7 23. Bc3 g6 24. Nc5 a5 25. Nfe6 Bxe6 26. Nxe6 Qb6 27. bxa5 Nxa5 28.
Nc5 Nxc5 29. dxc5 Qc7 30. Ba1 Bf8 31. Bd4 Bg7 32. Qc3 Nc4 33. Ra1 Ra8 34. a3
Bxd4 35. exd4 Rxe1+ 36. Qxe1 Kf7 37. Qc1 Qe7 38. h4 Qf6 39. Qf4 Qe7 40. Qh6 Kg8
41. h5 Qf6 42. hxg6 hxg6 43. Bf3 Qg7 44. Qg5 Kf7 45. Qf4 Kg8 46. Re1 Nxa3 47.
Re6 Nc2 48. Qg5 Nxd4 49. Qe3 Nxf3+ 50. Qxf3 Rc8 51. Qf4 Rc7 52. Qg5 Kf7 53. Rd6
Re7 54. Rxc6 b4 55. Rb6 b3 56. Rxb3 Qf6 57. Qxf6+ Kxf6 58. Rb6+ Ke5 59. Rxg6
Rc7 60. c6 Kd4 61. Kf1 Kc5 62. Ke2 Rxc6 63. Rxc6+ Kxc6 64. Kd3 Kc5 65. f3 d4
66. g4 fxg4 67. fxg4 Kd5 1/2-1/2

[Event "Montcalm IV 2009-10"]
[Site "Quebec CAN"]
[Date "2010.01.21"]
[Round "2"]
[White "Bergeron, Marc"]
[Black "Chiffot, Nicolas"]
[Result "1-0"]
[WhiteElo "1985"]
[BlackElo "2006"]
[PlyCount "97"]
[EventDate "2010.01.14"]
[EventType "tourn"]
[EventRounds "5"]
[EventCountry "CAN"]

1. e4 e6 2. d4 d5 3. Nc3 Nf6 4. e5 Nfd7 5. f4 c5 6. Nf3 Nc6 7. Be3 Qb6 8. Qd2
a6 9. O-O-O Qa5 10. Kb1 c4 11. Ne2 Bb4 12. c3 Be7 13. h4 b5 14. h5 h6 15. g4
Nb6 16. Bh3 b4 17. f5 Na4 18. Ka1 Rb8 19. Rb1 Nb6 20. f6 b3 21. Nc1 bxa2 22.
Nxa2 gxf6 23. exf6 Bxf6 24. Bxh6 Qb5 25. Bf1 Qa4 26. Re1 Na5 27. Qf4 Qc2 28.
Nb4 Qa4+ 29. Kb1 Nd7 30. Nxd5 Qc6 31. Nxf6+ Nxf6 32. Bg7 Rxb2+ 33. Kxb2 Qb5+
34. Kc1 Nd5 35. Qe5 Nb3+ 36. Kc2 Qa5 37. Re3 Qa2+ 38. Kd1 Qb1+ 39. Ke2 Qc2+ 40.
Ke1 Qc1+ 41. Kf2 Rh7 42. h6 Bb7 43. Qb8+ Ke7 44. Qxb7+ Kd8 45. Qb8+ Ke7 46.
Qf8+ Kd7 47. Ne5+ Kc7 48. Qxf7+ Kb8 49. Nc6+ 1-0

[Event "Montcalm IV 2009-10"]
[Site "Quebec CAN"]
[Date "2010.01.21"]
[Round "2"]
[White "Bonneau, Daniel"]
[Black "Cournoyer, Dominic"]
[Result "1-0"]
[WhiteElo "2013"]
[BlackElo "1943"]
[PlyCount "135"]
[EventDate "2010.01.14"]
[EventType "tourn"]
[EventRounds "5"]
[EventCountry "CAN"]

1. e4 d5 2. exd5 Nf6 3. Bb5+ Bd7 4. Bc4 Bg4 5. f3 Bf5 6. Nc3 Nbd7 7. Qe2 Nb6 8.
g4 Nxc4 9. Qxc4 Bd7 10. d3 e6 11. Bg5 Be7 12. Bxf6 Bxf6 13. O-O-O O-O 14. Nge2
b5 15. Qc5 Be7 16. Qd4 Qc8 17. dxe6 Bxe6 18. Nd5 Bd6 19. Nef4 Qa6 20. Nh5 f6
21. g5 Be5 22. Nhxf6+ gxf6 23. Nxf6+ Bxf6 24. gxf6 Bf5 25. Rhg1+ Bg6 26. h4
Rad8 27. Qc3 Qxa2 28. h5 b4 29. Qc4+ Qxc4 30. dxc4 Rxd1+ 31. Kxd1 Rxf6 32. Ke2
Kf7 33. hxg6+ Rxg6 34. Ra1 a6 35. b3 h5 36. Ra5 Rh6 37. Rc5 h4 38. Rxc7+ Ke8
39. Kf2 h3 40. Kg1 Rg6+ 41. Kh2 Rg2+ 42. Kxh3 Rxc2 43. Ra7 Rc3 44. Kg4 Rxb3 45.
Rxa6 Rc3 46. Rc6 b3 47. f4 b2 48. Rb6 Rxc4 49. Rxb2 Kf7 50. Rb7+ Kf6 51. Rb6+
Kf7 52. Kg5 Rc5+ 53. f5 Ra5 54. Rb7+ Kf8 55. Kg6 Ra1 56. Rb8+ Ke7 57. f6+ Ke6
58. Re8+ Kd7 59. Re2 Rg1+ 60. Kf7 Rd1 61. Kf8 Rf1 62. f7 Rd1 63. Re7+ Kd8 64.
Re5 Kd7 65. Re7+ Kd8 66. Re4 Kd7 67. Rg4 Ke6 68. Kg8 1-0